000 01367cam a22001694a 4500
005 20250605163700.0
008 250528s ||||||||||||||||||||||||d
035 _a24222
040 _aGR-AtMCL
_bgre
_dGR-AtMCL
_eAACR2
245 1 _aΟ Προϋπολογισμός της Ευρωπαϊκής Κοινότητας
260 _bΔιοικητική Μονάδα 'Εκδόσεις'
_bΟπτικοακουστικός Τομέας, Πληροφόρηση, Επικοινωνία Και Πολιτιστικά Θέματα,
_c1993
300 _a8
520 _aΕξέλιξη των Δαπανών της Κοινότητας του 1970 - 1980 και 1988-1993 (Γενικός Προϋπολογισμός ΕΤΠΑ και ΕΚΑΧ. Κατανομή των Δαπανών της Κοινότητας (Πιστώσεις Αναλήψεων Υποχρεώσεων σε %), Οι Διαρθρωτικές και Περιφερειακές και Κοινωνικές Ενέργειες, Οι Δαπάνες για την Έρευνα, Οι Άλλες Εσωτερικές Πολιτικές, Οι Εξωτερικές Ενέργειες, Η Χρηματοδότηση του Προϋπολογισμού, Η Διαδικασία Λήψης Αποφάσων, Ο Έλεγχος των Δαπανών.
942 _cCR
999 _c9115
_d9115